000 00976nam a2200277Ia 4500
003 OSt
005 20220930091419.0
006 a|||||r|||| 00| 0
007 ta
008 220926b |||||||| |||| 00| 0 eng d
024 _a5894
037 _cTheses
040 _aCRL
_cCRL
_beng
041 _2eng
_aeng
100 _aLal Sandhya
_9545601
110 _aUniversity of Delhi. Faculty of Medical Sciences. Department of Medicine
245 0 _aStudy of pro-inflammatory cytokines and TNF-a gene promoter region polymorphism in metabolic syndrome
260 _c2012
650 _aBIOCHEMISTRY
700 _a Dr. Anju Jain Gu.
_9532951
700 _a Dr. Jayshree Bhattacharjee Gu.
_9538453
700 _a Dr. M. K. Bhatnagar Gu.
_9536072
700 _aUniversity of Delhi. Faculty of Medical Sciences. Department of Medicine
942 _cDIS
_2CC
999 _c882051
_d882051